| 000 | 00546nam a22001817a 4500 | ||
|---|---|---|---|
| 005 | 20251013153656.0 | ||
| 008 | 251013b |||||||| |||| 00| 0 eng d | ||
| 020 | _a978-1-84720-980 | ||
| 040 |
_aNational Science Library _cNational Science Library |
||
| 080 |
_a339.166.5:60 _bP9 |
||
| 245 | _aRole of intellectual property rights in biotechnology innovation | ||
| 260 |
_aCheltenham: _bEdward Elgar, _c2009 |
||
| 300 | _axiv, 459p. | ||
| 650 | _aGovernance | ||
| 650 | _aBiotechnology | ||
| 700 | _aCastle, David (Ed.) | ||
| 942 |
_2udc _cBK |
||
| 999 |
_c67810 _d67810 |
||